Propozície súťaže s historickými striekačkami

Bibliographic Details
Format: Article
Language:Slovak
PhysicalDescription:Obr.
ISSN:0231-617X
Subjects:

MARC

LEADER 00000nab a2200000 a 4500
001 vtls008954062
003 SK-MaSNL
005 20260303070306.0
008 140617c2007 xo sr|p|||||||000 b|slo
015 |a SNBRB2007/03  |2 snkbucl 
038 |a SNKBUCL 
040 |a SNKBUCL  |b slo  |c SNKBUCL  |e AACR2 
041 0 |a slo 
044 |a xo  |c SK 
080 |a 614.846  |2 2001 
080 |a 796.093  |2 2001 
245 0 0 |a Propozície súťaže s historickými striekačkami 
300 |b Obr. 
650 0 7 |a hasičské striekačky  |2 snkbucl  |9 1032477 
650 0 7 |a súťaže  |2 snkbucl  |9 3301 
773 0 |t Požiarnik  |g Roč. LXXXIV, č. 2 (2007), s. 4-5  |x 0231-617X 
852 |a SNK  |b KIS3GCP 
999 |c 1754729  |d 1756659